000 00376nam a2200145Ia 4500
008 230917s9999||||xx |||||||||||||| ||und||
040 _e210524
_aMAIN
041 _aEnglish
082 _a158.1 P828S
100 _aPorras, Jerry
245 0 _aSuccess Built to Last: Creating a Life that Matters
260 _aNew Delhi
_bPlume Press
_c2009
300 _a278 p.
942 _cBK
999 _c169577
_d169577